Catàleg del Col·legi de Periodistes de Catalunya

La democracia en riesgo : (Registre núm. 8021)

000 -CABECERA
Longitud fija campo de control 01282cam a2200337 i 4500
001 - NÚMERO DE CONTROL
Número de control 991061283691106706
003 - IDENTIFICADOR DEL NÚMERO DE CONTROL
Identificador del número de control OSt
005 - FECHA Y HORA DE LA ÚLTIMA TRANSACCIÓN
Fecha y hora de la última transacción 20250411125558.0
008 - CÓDIGOS DE INFORMACIÓN DE LONGITUD FIJA
Códigos de información de longitud fija 250217e202501 spc|||||||||||||0 0 spa|c
015 ## - NÚMERO DE BIBLIOGRAFÍA NACIONAL
Número de bibliografía nacional LL2025
Fuente bnc
017 ## - NÚMERO DE COPYRIGHT O DE DEPÓSITO LEGAL
Número de copyright o de depósito legal DL B 1275-2025
Agencia que asigna el número Biblioteca de Catalunya
020 ## - NÚMERO INTERNACIONAL NORMALIZADO PARA LIBROS
Número Internacional Normalizado para Libros (ISBN) 9788411660815
040 ## - FUENTE DE LA CATALOGACIÓN
Lengua de catalogación cat
Normas de descripción rda
Centro transcriptor cdrm
245 03 - MENCIÓN DE TÍTULO
Título La democracia en riesgo :
Resto del título ¿internet e IA al servicio de los populismos? /
Mención de responsabilidad, etc. Frederic Guerrero-Solé, Laura Pérez-Altable (eds.) ; prólogo de F. Xavier Ruiz Collantes
250 ## - MENCIÓN DE EDICIÓN
Mención de edición Primera edición
264 #1 - PRODUCCIÓN, PUBLICACIÓN , DISTRIBUCIÓN, FABRICACIÓN Y COPYRIGHT
Lugar de producción, publicación, distribución, fabricación Barcelona :
Nombre del productor, editor, distribuidor, fabricante Fundació Universitat Oberta de Catalunya,
Fecha de de producción, publicación, distribución, fabricación o copyright 2025
300 ## - DESCRIPCIÓN FÍSICA
Extensión 174 pàgines ;
Dimensiones 24 cm
490 1# - MENCIÓN DE SERIE
Mención de serie [Manuales] ;
Designación de volumen o secuencia 736.
Mención de serie Comunicación
504 ## - NOTA DE BIBLIOGRAFÍA, ETC
Nota de bibliografía, etc. Bibliografia
650 #7 - PUNTO DE ACCESO ADICIONAL DE MATERIA - TÉRMINO DE MATERIA
Término de materia o nombre geográfico como elemento inicial Populisme
Fuente del encabezamiento o término lemac
650 #0 - PUNTO DE ACCESO ADICIONAL DE MATERIA - TÉRMINO DE MATERIA
Término de materia o nombre geográfico como elemento inicial Fake news
Fuente del encabezamiento o término lemac
9 (RLIN) 4796
650 #0 - PUNTO DE ACCESO ADICIONAL DE MATERIA - TÉRMINO DE MATERIA
Término de materia o nombre geográfico como elemento inicial Desinformació
Fuente del encabezamiento o término lemac
9 (RLIN) 4286
650 #7 - PUNTO DE ACCESO ADICIONAL DE MATERIA - TÉRMINO DE MATERIA
Término de materia o nombre geográfico como elemento inicial Extrema dreta
Fuente del encabezamiento o término lemac
650 #0 - PUNTO DE ACCESO ADICIONAL DE MATERIA - TÉRMINO DE MATERIA
Término de materia o nombre geográfico como elemento inicial Democràcia
Subdivisión de materia general Informàtica.
Fuente del encabezamiento o término lemac
9 (RLIN) 4114
650 #0 - PUNTO DE ACCESO ADICIONAL DE MATERIA - TÉRMINO DE MATERIA
Término de materia o nombre geográfico como elemento inicial Intel·ligència artificial
Subdivisión de materia general Aspectes polítics.
Fuente del encabezamiento o término lemac
9 (RLIN) 4722
700 1# - PUNTO DE ACCESO ADICIONAL - NOMBRE DE PERSONA
Nombre de persona Guerrero Solé, Frederic,
Término indicativo de función editor literari
700 1# - PUNTO DE ACCESO ADICIONAL - NOMBRE DE PERSONA
Nombre de persona Pérez-Altable, Laura,
Término indicativo de función editor literari
700 1# - PUNTO DE ACCESO ADICIONAL - NOMBRE DE PERSONA
Nombre de persona Ruiz Collantes, Xavier,
Término indicativo de función escriptor d'un pròleg
830 #0 - PUNTO DE ACCESO ADICIONAL DE SERIE - TÍTULO UNIFORME
Título uniforme Manuales (Editorial UOC) ;
Designación de volumen o secuencia 736
942 ## - ENTRADA DE ELEMENTOS AGREGADOS (KOHA)
Fuente de clasificaión o esquema
Koha [por defecto] tipo de item Monografies
Fons
Suprimido Perdido Estropeado No para préstamo Localización permanente Localización actual Fecha adquisición Fuente de adquisición Coste, precio normal de compra Signatura completa Código de barras Fecha última consulta Fecha del precio de reemplazo Tipo de item de Koha
        Centre de Documentació Montserrat Roig Centre de Documentació Montserrat Roig 2025-04-11 Donació 18.27 Ck 3/46 CDMR25040004 2025-04-11 2025-04-11 Monografies

Implantat amb Koha